Statistics for Kaiser Chief Song Lyrics

Click here to take the quiz!

General Stats

  • This quiz has been taken 31 times
  • The average score is 5 of 15

Answer Stats

LyricsAnswer% Correct
"Watching the people get lairy, it's not very pretty I tell thee"I Predict A Riot
100%
"_____ I can't believe it, I've never been this far away from home"Oh My God
83%
"I'm sick, I'm tired of staying in control"Every Day I Love You Less And Less
61%
"So tonight you'll sleep softly in your bed"The Angry Mob
48%
"Television's on the blink", "There's nothing on it"Never Miss A Beat
39%
"It does not move me it does not get me going at all"Na Na Na Na Naa
35%
"I can just imagine you and me, running out of steam"Heat Dies Down
26%
"I'm not sure what's truly altruistic anymore"Love's Not A Competition
26%
"And everything is of no consequence"Everything Is Average Nowadays
22%
"So this is the age of the train, all aboard for the labour exchange"The Factory Gates
22%
"And when you work it all out, show me how"People Know How To Love One Another
13%
"Take my money, waste of paper", "Leave the table, bad behaviour"Half The Truth
9%
"On these inventions surely I could _____"Retirement
9%
"If plans were hand grenades, we'd all be dead"Roses
9%
"Cut through the city on _____"Saturday Night
4%

Score Distribution

Percentile by Number Answered

Percent of People with Each Score

Your Score History

You have not taken this quiz